000 00688nam a2200229Ia 4500
005 20250508165604.0
008 008 250505s9999 xx 000 0 eng d
020 _a978-0-415-36993-0
037 _aReference
040 _aFEDL
_beng
_cFEDL
041 _aeng
_2eng
084 _a370.1, ELL/RR
_qFEDL
100 _aElliot John
245 0 _aReflecting where the action is: The selected works of John Elliott
260 _aLondon, UK
_bRoutledge
_c2007
300 _axiii, 219p.
365 _aGBP
_b25.99
490 _aWorld Library of Educational Series
546 _aDeposeted by Prof. Rama Mathew
942 _cREF
_h370.1, ELL/RR
999 _c1396047
_d1396047